| 000 | 00519nam a2200181Ia 4500 | ||
|---|---|---|---|
| 005 | 20250317123156.0 | ||
| 008 | 008 250317s9999 xx 000 0 eng d | ||
| 037 | _aTextbook | ||
| 040 |
_aFMSL _beng _cFMSL |
||
| 041 |
_aeng _2eng |
||
| 084 |
_aB3(D) N5 _qFMSL |
||
| 100 |
_aTrappl R _9735568 |
||
| 245 | 0 | _aProgress in cylernetics and systems research | |
| 260 |
_aLondon _bLondon, John Wiley _c1975 |
||
| 300 | _a357p | ||
| 942 |
_cTB _hB3(D) N5 |
||
| 999 |
_c1250198 _d1250198 |
||